Dictionary of globalization / (Record no. 4215)

MARC details
000 -LEADER
fixed length control field 00619nam a2200193 ar4500
001 - CONTROL NUMBER
control field 4217
005 - DATE AND TIME OF LATEST TRANSACTION
control field 20221127090907.0
008 - FIXED-LENGTH DATA ELEMENTS--GENERAL INFORMATION
fixed length control field 150504s xxk d 00110|eng d
020 ## - INTERNATIONAL STANDARD BOOK NUMBER
International Standard Book Number 9781857435184(pbk) :
Terms of availability SR330.00
082 04 - DEWEY DECIMAL CLASSIFICATION NUMBER
Classification number 327.03
Item number D561 2010
245 00 - TITLE STATEMENT
Title Dictionary of globalization /
Statement of responsibility, etc. by Jens-Uwe Wunderlich, Meera Warrier.
260 ## - PUBLICATION, DISTRIBUTION, ETC.
Place of publication, distribution, etc. London ;
-- New York :
Name of publisher, distributor, etc. Routledge,
Date of publication, distribution, etc. 2010.
300 ## - PHYSICAL DESCRIPTION
Extent x, 298 p. ;
Dimensions 24 cm.
500 ## - GENERAL NOTE
General note First published: 2007.
504 ## - BIBLIOGRAPHY, ETC. NOTE
Bibliography, etc. note Indludes bibl. references and index.
650 #4 - SUBJECT ADDED ENTRY--TOPICAL TERM
Topical term or geographic name entry element Globbalization
Form subdivision Dictionaries.
700 0# - ADDED ENTRY--PERSONAL NAME
Personal name Wunderlich, Jens-Uwe.
700 0# - ADDED ENTRY--PERSONAL NAME
Personal name Warrier, Meera.
Holdings
Withdrawn status Lost status Source of classification or shelving scheme Damaged status Not for loan Home library Current library Date acquired Total Checkouts Full call number Barcode Date last seen Copy number Price effective from Koha item type
          CENTRAL CENTRAL 11/27/2022   327.03 D561 2010 10000000012651 11/27/2022 C1 11/27/2022 Reference
          CENTRAL CENTRAL 11/27/2022   327.03 D561 2010 10000000012650 11/27/2022 C2 11/27/2022 Reference